International theory : (Record no. 8919)

MARC details
000 -LEADER
fixed length control field 01224pam a2200313 a 4500
001 - CONTROL NUMBER
control field 1617505
003 - CONTROL NUMBER IDENTIFIER
control field OSt
005 - DATE AND TIME OF LATEST TRANSACTION
control field 20240626121346.0
008 - FIXED-LENGTH DATA ELEMENTS--GENERAL INFORMATION
fixed length control field 951016s1996 enk b 001 0 eng
010 ## - LIBRARY OF CONGRESS CONTROL NUMBER
LC control number 95044524
020 ## - INTERNATIONAL STANDARD BOOK NUMBER
International Standard Book Number 0521474183 (hard)
020 ## - INTERNATIONAL STANDARD BOOK NUMBER
International Standard Book Number 0521479487 (pbk.)
040 ## - CATALOGING SOURCE
Original cataloging agency DLC
Transcribing agency MUST
Modifying agency DLC
082 00 - DEWEY DECIMAL CLASSIFICATION NUMBER
Classification number 327.17 INT 1996
245 00 - TITLE STATEMENT
Title International theory :
Remainder of title positivism and beyond /
Statement of responsibility, etc. edited by Steve Smith, Ken Booth, Marysia Zalewski.
260 ## - PUBLICATION, DISTRIBUTION, ETC. (IMPRINT)
Place of publication, distribution, etc. Cambridge ;
-- New York :
Name of publisher, distributor, etc. Cambridge University Press,
Date of publication, distribution, etc. 1996.
300 ## - PHYSICAL DESCRIPTION
Extent xiv, 362 p. ;
Dimensions 24 cm.
504 ## - BIBLIOGRAPHY, ETC. NOTE
Bibliography, etc Includes bibliographical references and index.
650 #0 - SUBJECT ADDED ENTRY--TOPICAL TERM
Topical term or geographic name as entry element International relations
General subdivision Philosophy.
9 (RLIN) 7138
650 #0 - SUBJECT ADDED ENTRY--TOPICAL TERM
Topical term or geographic name as entry element Positivism.
9 (RLIN) 18049
700 1# - ADDED ENTRY--PERSONAL NAME
Personal name Smith, Steve,
Dates associated with a name 1952-
9 (RLIN) 18050
700 1# - ADDED ENTRY--PERSONAL NAME
Personal name Booth, Ken,
Dates associated with a name 1943-
9 (RLIN) 18051
700 1# - ADDED ENTRY--PERSONAL NAME
Personal name Zalewski, Marysia.
9 (RLIN) 18052
856 42 - ELECTRONIC LOCATION AND ACCESS
Materials specified Publisher description
Uniform Resource Identifier http://www.loc.gov/catdir/description/cam027/95044524.html
856 41 - ELECTRONIC LOCATION AND ACCESS
Materials specified Table of contents
Uniform Resource Identifier http://www.loc.gov/catdir/toc/cam021/95044524.html
906 ## - LOCAL DATA ELEMENT F, LDF (RLIN)
a 7
b cbc
c orignew
d 1
e ocip
f 19
g y-gencatlg
942 ## - ADDED ENTRY ELEMENTS (KOHA)
Source of classification or shelving scheme Dewey Decimal Classification
Koha item type Open Shelf
Holdings
Withdrawn status Lost status Source of classification or shelving scheme Damaged status Not for loan Home library Current library Date acquired Source of acquisition Inventory number Total Checkouts Full call number Barcode Date last seen Price effective from Koha item type
    Dewey Decimal Classification     MUST Main Library MUST Main Library 26/06/2024 Donation 2000/13619   327.17 INT 1996 2024-21429 26/06/2024 26/06/2024 Open Shelf